| 000 | 01133nam0a2200313 4500 | ||
|---|---|---|---|
| 001 | RU\NLR\bibl\552080 | ||
| 005 | 20250609160807.0 | ||
| 021 |
_aRU _b2004-45666 _92264 |
||
| 035 | _a(NLR Aleph) 000544253 | ||
| 090 |
_a1432230 _c1432230 |
||
| 100 | _a20040914d2004 |||y0rusy50 ca | ||
| 101 | 0 | _arus | |
| 102 | _aRU | ||
| 105 | _aa ||||||||| | ||
| 200 | 1 |
_aОценка ресурса конструктивных элементов с трещиноподобными концентраторами напряжений _fЛ.С. Щепин |
|
| 210 |
_aУфа _cБЭСТС _d2004 |
||
| 215 |
_a19,[1] с. _cил. _d21 |
||
| 300 | _aНа обл. авт. не указан | ||
| 320 | _aБиблиогр.: с. 19 (7 назв.) | ||
| 606 | 0 |
_aТрубопроводы _xТехническая диагностика _92216424 _3RU\NLR\auth\661331163 |
|
| 686 | _aО71-082.051 | ||
| 700 | 1 |
_aЩепин _bЛ. С. _gЛеонид Сергеевич _4070 |
|
| 801 | 0 |
_aRU _bNLR _c20040914 _gPSBO |
|
| 801 | 1 |
_aRU _bNLR _c20040914 |
|
| 830 | _aАвт. по кн. | ||
| 942 | _cBOOK | ||
| 980 | _aNB | ||
| 980 | _aNBR | ||